आर गुप्ता कृत पाँपुलर मास्टर गाइड स्टेट बैंक आँफ इंडिया :क्लकर्स परीक्षा (Record no. 1660)

MARC details
000 -LEADER
fixed length control field 01187 a2200193 4500
005 - DATE AND TIME OF LATEST TRANSACTION
control field 20080910112448.0
008 - FIXED-LENGTH DATA ELEMENTS--GENERAL INFORMATION
fixed length control field 080910t xxu||||| |||| 00| 0 hin d
010 ## - LIBRARY OF CONGRESS CONTROL NUMBER
LC control number HIN-79380
020 ## - INTERNATIONAL STANDARD BOOK NUMBER
Terms of availability 140.00
035 ## - SYSTEM CONTROL NUMBER
System control number HN-51726
037 ## - SOURCE OF ACQUISITION
Source of stock number/acquisition D.B.Act / pub
082 ## - DEWEY DECIMAL CLASSIFICATION NUMBER
Classification number 000
245 ## - TITLE STATEMENT
Title आर गुप्ता कृत पाँपुलर मास्टर गाइड स्टेट बैंक आँफ इंडिया :क्लकर्स परीक्षा
Remainder of title नवीनतम परीक्षा पद्धति अनुसार
260 ## - PUBLICATION, DISTRIBUTION, ETC. (IMPRINT)
Place of publication, distribution, etc नई दिल्ली
Name of publisher, distributor, etc रमेश पब्लिशिंग हाउस
Date of publication, distribution, etc 2008
270 ## - ADDRESS
Address 12-एच, न्यू दरियागंज रोड़,ट्रैफिक कोतवाली के सामने
City नई दिल्ली
Postal code 110002
Telephone number 23261567
Fax number 011-23275124
Electronic mail address info@rameshpublishinghouse.com
300 ## - PHYSICAL DESCRIPTION
Extent वि.पृ
Dimensions 22 सेमी (अजिल्द)
942 ## - ADDED ENTRY ELEMENTS (KOHA)
Institution code [OBSOLETE] dpl
Koha item type Hindi Books
Call number prefix 000 / आरगु
Source of classification or shelving scheme Dewey Decimal Classification
Classification part 000
Call number suffix आरगु
Holdings
Withdrawn status Lost status Damaged status Not for loan Home library Current library Date acquired Cost, normal purchase price Total Checkouts Full call number Barcode Date last seen Copy number Uniform Resource Identifier Cost, replacement price Price effective from Koha item type
        D.B.Act.Division D.B.Act.Division 10/09/2008 140.00   000 आरगु HN-51726 15/09/2008 1 1752 140.00 15/09/2008 Hindi Books

© Delhi Public Library
Hit Counter
free hit counter